000 00538nam a22001451a 4500
082 _aS 294.592 1
_bDHA/T
245 _aTaittiriya samhita with the padapatha and the commentaries of bhatta bhaskara misra and sayanacarya vol.IV part I (kanda VI along with the commentary of bhatta bhaskara misra)/
_cby Dharmadhikari T N (ed.)
260 _aPune:
_bAdarsha Sanskrit Shodha Samstha,
_c2006.
300 _a375p.
650 _aVedic Literature
650 _aHinduism
650 _aReligion
700 _aDharmadhikari T N (ed.)
942 _cBK
999 _c45876
_d45876